| 000 | 00855nas a2200277 4500 | ||
|---|---|---|---|
| 001 | BR2016002604 | ||
| 003 | BR-BrBNA | ||
| 005 | 20231205130454.0 | ||
| 007 | ta | ||
| 008 | 230509b bl.|||p| |||| 00| 00por d | ||
| 040 |
_aBR-BrBNA _bpor _cBiblioteca Nacional de Agricultura |
||
| 041 | _a(En) | ||
| 072 | _aL72 | ||
| 100 | 1 | _aSilva, G.S. da | |
| 100 | 1 | _aRomera, D.M. | |
| 100 | 1 | _aFonseca, L.E.C. | |
| 100 | 1 | _aMeireles, M.V. | |
| 245 | 1 | _aHelminthic parasites of chickens (Gallus domesticus)in different regions of São Paulo state, Brazil | |
| 650 | _aGALO | ||
| 650 | _aHELMITO | ||
| 650 | _aPARASITO DE ANIMAL | ||
| 650 | _aSAO PAULO | ||
| 773 | 0 |
_tBrazilian Journal of Poultry Science (Brazil) _xISSN 1516-635X _g(Jan-Mar 2016), v. 18(1) p. 163-168 _wBR2016002604 |
|
| 909 |
_a202311 _bLúcia _c55 _dLúcia Elande |
||
| 942 |
_2AGRIS _n0 _cANA |
||
| 999 |
_c249636 _d249636 |
||